Autobiografía y otros escritos / (Record no. 185826)

MARC details
000 -LEADER
campo de control de longitud fija 00949nam a2200241 i 4500
001 - NÚMERO DE CONTROL
campo de control 185826
003 - IDENTIFICADOR DE NÚMERO DE CONTROL
campo de control ES-MaACL
005 - FECHA Y HORA DE LA ÚLTIMA TRANSACCIÓN
campo de control 20250707035514.0
008 - DATOS DE LONGITUD FIJA--INFORMACIÓN GENERAL
campo de control de longitud fija 160812s1987 sp |||| |aspa d
020 ## - NÚMERO INTERNACIONAL ESTÁNDAR DEL LIBRO
Número Internacional Estándar del Libro 84-309-1467-6
080 ## - NÚMERO DE LA CLASIFICACIÓN DECIMAL UNIVERSAL
Número de la Clasificación Decimal Universal 929 Jefferson, Thomas
100 1# - ENTRADA PRINCIPAL--NOMBRE DE PERSONA
Nombre de persona Jefferson, Thomas.
9 (RLIN) 66265
245 10 - MENCIÓN DEL TÍTULO
Título Autobiografía y otros escritos /
Mención de responsabilidad, etc. Thomas Jefferson ; estudio preliminar y edición de Adrienne Koch y William Peden ; traducción de Antonio Escohotado y Manuel Sáenz de Heredia.
260 ## - PUBLICACIÓN, DISTRIBUCIÓN, ETC.
Lugar de publicación, distribución, etc. Madrid :
Nombre del editor, distribuidor, etc. Tecnos,
Fecha de publicación, distribución, etc. [1987]
300 ## - DESCRIPCIÓN FÍSICA
Extensión XLIX, 784 p. ;
Dimensiones 18 cm.
490 1# - MENCIÓN DE SERIE
Mención de serie Clásicos del pensamiento ;
Designación de volumen o secuencia 38
600 14 - PUNTO DE ACCESO ADICIONAL DE MATERIA--NOMBRE DE PERSONA
Nombre de persona Jefferson, Thomas.
9 (RLIN) 66265
651 #4 - PUNTO DE ACCESO ADICIONAL DE MATERIA--NOMBRE GEOGRÁFICO
Nombre geográfico Estados Unidos-
Subdivisión general Historia-
Subdivisión cronológica 1775-1783, Revolución.
9 (RLIN) 8542
651 #4 - PUNTO DE ACCESO ADICIONAL DE MATERIA--NOMBRE GEOGRÁFICO
Nombre geográfico Estados Unidos-
Subdivisión general Historia-
Subdivisión cronológica 1783-1815.
9 (RLIN) 160303
830 00 - PUNTO DE ACCESO ADICIONAL DE SERIE-TÍTULO UNIFORME
Título uniforme Clásicos del pensamiento
Designación de volumen o secuencia 38
9 (RLIN) 177261
852 ## - LOCALIZACIÓN
Ubicación ES-MaACL
Número de control de estantería L-30543
Nota libre . - Donat. Miguel A. Velasco
Holdings
Estatus retirado Estado de pérdida Estado de daño No para préstamo Biblioteca de origen Biblioteca actual Ubicación en estantería Fecha de adquisición Fuente de adquisición Total de préstamos Signatura topográfica completa Código de barras Visto por última vez Precio de reemplazo Tipo de ítem Koha
        Biblioteca del Ateneo de Madrid Biblioteca del Ateneo de Madrid Depósito 2 12/08/2016     L-30543 1195884 23/02/2023 23/02/2023 Libro impreso